[Event "Klatov Bazar Besiny Cup 2018"]
[Site "Klatovy"]
[Date "2018.07.06"]
[Round "7"]
[White "Mejzlik, Ondrej"]
[Black "Xu, XianLiang"]
[Result "0-1"]
[WhiteElo "2287"]
[BlackElo "2430"]
[Annotator "ChessBase"]
[PlyCount "100"]
[EventDate "2018.07.01"]
[EventType "swiss"]
[EventCountry "CZE"]
[SourceTitle "playchess.com"]
[Source "ChessBase"]
[SourceQuality "1"]
[TimeControl "40/7200:0"]

1. c4 {[%emt 0:00:00]} e5 {[%emt 0:00:00]} 2. Nc3 {[%emt 0:00:00]} Nf6 {[%emt 0:00:00]} 3. g3 {[%emt 0:00:00]} Bb4 {[%emt 0:00:00]} 4. Bg2 {[%emt 0:00:00]} O-O {[%emt 0:00:00]} 5. Qb3 {[%emt 0:01:58]} Bxc3 {[%emt 0:10:21]} 6. Qxc3 {[%emt 0:01:01]} d6 {[%emt 0:05:21]} 7. d3 {[%emt 0:00:00]} Nc6 {[%emt 0:00:21]} 8. b4 {[%emt 0:00:55]} Re8 {[%emt 0:03:07]} 9. b5 {[%emt 0:04:15]} Ne7 {[%emt 0:02:58]} 10. h3 {[%emt 0:13:15]} a6 {[%emt 0:03:27]} 11. a4 {[%emt 0:00:21]} d5 {[%emt 0:26:24]} 12. Bg5 {[%emt 0:12:24]} axb5 {[%emt 0:03:24]} 13. axb5 {[%emt 0:00:00]} Rxa1+ {[%emt 0:00:38]} 14. Qxa1 {[%emt 0:00:00]} dxc4 {[%emt 0:06:23]} 15. dxc4 {[%emt 0:00:35]} Nf5 {[%emt 0:00:40]} 16. Nf3 {[%emt 0:22:04]} e4 {[%emt 0:02:24]} 17. Bxf6 {[%emt 0:22:58]} gxf6 {[%emt 0:00:49]} 18. Nh4 {[%emt 0:00:00]} e3 {[%emt 0:16:48]} 19. Nxf5 {[%emt 0:07:40]} Qd2+ {[%emt 0:00:14]} 20. Kf1 {[%emt 0:00:00]} Bxf5 {[%emt 0:00:00]} 21. Bf3 {[%emt 0:13:57]} exf2 {[%emt 0:01:25]} 22. Kxf2 {[%emt 0:13:25]} Qe3+ {[%emt 0:00:07]} 23. Kg2 {[%emt 0:00:00]} Be4 {[%emt 0:00:32]} 24. Qf1 {[%emt 0:00:00]} Qd4 {[%emt 0:04:26]} 25. g4 {[%emt 0:03:48]} Qxc4 {[%emt 0:00:42]} 26. Kg3 {[%emt 0:00:26]} Qxb5 {[%emt 0:08:12]} 27. Bxe4 {[%emt 0:00:00]} Qe5+ {[%emt 0:00:08]} 28. Qf4 {[%emt 0:00:00]} Qxe4 {[%emt 0:00:00]} 29. Rc1 {[%emt 0:00:00]} Qxe2 {[%emt 0:02:32]} 30. Kh4 {[%emt 0:00:00]} c6 {[%emt 0:03:30]} 31. Qxf6 {[%emt 0:00:00]} Qe7 {[%emt 0:00:32]} 32. Qg5+ {[%emt 0:00:08]} Qxg5+ {[%emt 0:00:22]} 33. Kxg5 {[%emt 0:00:00]} Kg7 {[%emt 0:00:00]} 34. Kf5 {[%emt 0:00:00]} Re6 {[%emt 0:02:17]} 35. Rc3 {[%emt 0:00:00]} b5 {[%emt 0:00:27]} 36. h4 {[%emt 0:00:00]} Kf8 {[%emt 0:01:51]} 37. g5 {[%emt 0:00:00]} Ke7 {[%emt 0:00:17]} 38. Ra3 {[%emt 0:00:00]} Rd6 {[%emt 0:00:38]} 39. Ke4 {[%emt 0:00:00]} Ke6 {[%emt 0:01:11]} 40. Rc3 {[%emt 0:00:00]} Kd7 {[%emt 0:01:18]} 41. Rf3 {[%emt 1:59:13]} Ke7 {[%emt 2:00:14]} 42. Ra3 {[%emt 0:00:00]} b4 {[%emt 0:00:46]} 43. Ra7+ {[%emt 0:00:08]} Rd7 {[%emt 0:00:00]} 44. Ra6 {[%emt 0:00:00]} Rb7 {[%emt 0:00:29]} 45. Rxc6 {[%emt 0:00:00]} b3 {[%emt 0:00:00]} 46. Rc1 {[%emt 0:00:00]} b2 {[%emt 0:00:00]} 47. Rb1 {[%emt 0:00:00]} Ke6 {[%emt 0:00:00]} 48. Kf4 {[%emt 0:00:09]} Rb4+ {[%emt 0:00:00]} 49. Kg3 {[%emt 0:00:00]} Kf5 {[%emt 0:00:00]} 50. Rf1+ {[%emt 0:00:00]} Ke5 0-1

[Event "Klatov Bazar Besiny Cup 2018"]
[Site "Klatovy"]
[Date "2018.07.06"]
[Round "7"]
[White "Parizek, Vojtech"]
[Black "Simet, Martin"]
[Result "1-0"]
[WhiteElo "2242"]
[BlackElo "2182"]
[Annotator "NA"]
[PlyCount "55"]
[EventDate "2018.07.01"]
[EventType "swiss"]
[EventCountry "CZE"]
[SourceTitle "playchess.com"]
[Source "ChessBase"]
[SourceQuality "1"]
[TimeControl "40/7200:0"]

{[%evp 10,38,29,31,32767,32767,32767,21,31,32767,22,22,23,20,21,-16,0,10,13,-13,-11,-8,50,29,49,42,54,32767,32767,32767,145]} 1. e4 {[%emt 0:00:00]} e5 {[%emt 0:00:00]} 2. Nf3 {[%emt 0:00:00]} d6 {[%emt 0:00:00]} 3. d4 {[%emt 0:00:00]} exd4 {[%emt 0:00:00]} 4. Nxd4 {[%emt 0:01:03]} Nf6 {[%emt 0:00:00]} 5. Nc3 {[%emt 0:00:00]} Be7 {[%emt 0:00:00]} 6. Be2 {[%emt 0:08:41]} O-O {[%emt 0:00:00]} 7. O-O {[%emt 0:00:00]} Re8 {[%emt 0:00:00]} 8. f4 {[%emt 0:04:07]} Bf8 {[%emt 0:00:00]} 9. Bf3 {[%emt 0:00:55]} c5 {[%emt 0:00:00]} 10. Nde2 {[%emt 0:04:11] LiveBook: 49 Games C41: Philidor Defence} Nc6 {[%emt 0:01:04]} 11. Kh1 {[%emt 0:13:53]} Bd7 {[%emt 0:05:29]} 12. Be3 {[%emt 0:04:33]} (12. Qd3 b5 13. a3 b4 14. Nd5 Rb8 15. b3 a5 16. Nxf6+ Qxf6 17. Rb1 Rbd8 {0-1 (26) Steingrimsson,H (2576)-Mamedyarov,S (2791) Antalya 2017}) 12... b5 {[%emt 0:11:35]} 13. Ng3 {[%emt 0:09:54] [#]} Rb8 $146 {[%emt 0:05:49]} ({Predecessor:} 13... b4 14. Nd5 Nxd5 15. Qxd5 Qc7 16. Rad1 Rad8 17. Qh5 g6 {0-1 (35) Skripchenko,A (2461)-Kazhgaleyev,M (2606) Pontoise 2006}) 14. Nd5 {[%emt 0:14:12]} Nxd5 {[%emt 0:08:31]} 15. Qxd5 {[%emt 0:01:22]} Na5 {[%emt 0:03:47]} (15... Nd4 $5 16. Bxd4 Be6 $11) 16. b3 {[%emt 0:06:03]} Bc6 {[%emt 0:07:16]} 17. Qh5 {[%emt 0:05:16]} d5 {[%emt 0:16:52]} 18. exd5 {[%emt 0:05:10]} g6 {[%emt 0:00:17]} 19. Qg5 {[%emt 0:01:09]} Be7 $16 {[%emt 0:11:33]} (19... Qxg5 $142 20. fxg5 Rxe3) 20. Qg4 {[%emt 0:12:13]} Bd7 {[%emt 0:17:37]} 21. f5 {[%emt 0:02:30]} h5 {[%emt 0:00:00]} 22. Qh3 {[%emt 0:00:28]} Bf6 {[%emt 0:11:31]} 23. Rae1 {[%emt 0:01:30]} h4 {[%emt 0:05:30]} 24. Bg4 {[%emt 0:02:33]} Qc8 {[%emt 0:01:15]} 25. fxg6 {[%emt 0:05:45]} Bxg4 {[%emt 0:05:45]} 26. gxf7+ {[%emt 0:00:00]} Kf8 {[%emt 0:03:13]} 27. fxe8=Q+ {[%emt 0:01:10]} Kxe8 {[%emt 0:00:00]} 28. Bg5+ {[%emt 0:00:15]} 1-0

[Event "Klatov Bazar Besiny Cup 2018"]
[Site "Klatovy"]
[Date "2018.07.06"]
[Round "7"]
[White "Soural, Jan"]
[Black "Kopta, Pavel"]
[Result "1/2-1/2"]
[WhiteElo "2192"]
[BlackElo "2210"]
[Annotator "NA"]
[PlyCount "38"]
[EventDate "2018.07.01"]
[EventType "swiss"]
[EventCountry "CZE"]
[SourceTitle "playchess.com"]
[Source "ChessBase"]
[SourceQuality "1"]
[TimeControl "40/7200:0"]

{[%evp 8,38,35,21,41,32767,32767,32767,32767,32767,17,32767,22,32767,32767,33,32767,38,50,32767,52,41,32,32,26,39,52,46,45,52,47,55,54]} 1. d4 {[%emt 0:00:00]} Nf6 {[%emt 0:00:00]} 2. c4 {[%emt 0:00:00]} e6 {[%emt 0:00:00]} 3. g3 {[%emt 0:00:00]} c5 {[%emt 0:00:00]} 4. d5 {[%emt 0:00:00]} exd5 {[%emt 0:00:00]} 5. cxd5 {[%emt 0:00:00]} d6 {[%emt 0:00:00]} 6. Nc3 {[%emt 0:00:00]} g6 {[%emt 0:00:00]} 7. Bg2 {[%emt 0:00:00]} Bg7 {[%emt 0:00:00]} 8. Nf3 {[%emt 0:00:00]} O-O {[%emt 0:00:00]} 9. O-O {[%emt 0:00:00]} Re8 {[%emt 0:00:00]} 10. Bf4 {[%emt 0:00:00]} a6 {[%emt 0:04:22]} 11. a4 {[%emt 0:00:00]} h6 {[%emt 0:06:38]} 12. Qc1 {[%emt 0:05:51]} g5 {[%emt 0:09:37]} 13. Bd2 {[%emt 0:01:05]} Bf5 {[%emt 0:02:17]} 14. h4 {[%emt 0:05:33]} g4 {[%emt 0:03:06]} 15. Nh2 {[%emt 0:01:44] LiveBook: 3 Games} h5 {[%emt 0:00:28]} 16. Bg5 {[%emt 0:03:57]} Qd7 {[%emt 0:08:31]} 17. Bh6 {[%emt 0:12:27]} Bg6 {[%emt 0:03:56]} 18. Bxg7 {[%emt 0:02:25]} Kxg7 {[%emt 0:00:07]} 19. Qf4 {[%emt 0:15:08]} Qe7 $14 {[%emt 0:03:47]} 1/2-1/2

[Event "Klatov Bazar Besiny Cup 2018"]
[Site "Klatovy"]
[Date "2018.07.06"]
[Round "7"]
[White "Hurdzan, Tomas"]
[Black "Hausner, Ivan"]
[Result "1-0"]
[WhiteElo "2164"]
[BlackElo "2321"]
[Annotator "NA"]
[PlyCount "59"]
[EventDate "2018.07.01"]
[EventType "swiss"]
[EventCountry "CZE"]
[SourceTitle "playchess.com"]
[Source "ChessBase"]
[SourceQuality "1"]
[TimeControl "40/7200:0"]

{[%evp 10,55,39,45,32767,32767,32767,32767,32767,32767,32767,47,60,32767,32767,32767,137,32767,201,212,32767,197,208,213,218,225,247,221,222,103,106,102,93,113,144,127,106,96,125,123,156,177,32767,225,227,240,32767,216]} 1. e4 {[%emt 0:00:00]} c5 {[%emt 0:00:00]} 2. Nf3 {[%emt 0:00:00]} e6 {[%emt 0:00:00]} 3. d4 {[%emt 0:00:00]} cxd4 {[%emt 0:00:00]} 4. Nxd4 {[%emt 0:00:00]} Nf6 5. Nc3 {[%emt 0:00:00]} d6 {[%emt 0:00:00]} 6. g4 {[%emt 0:00:00]} h6 {[%emt 0:00:00]} 7. h4 {[%emt 0:00:00]} a6 {[%emt 0:00:00]} 8. Rg1 {[%emt 0:00:00]} g6 {[%emt 0:00:00] B81: Sicilian Scheveningen: Keres Attack} (8... d5 9. exd5 Nxd5 10. Nxd5 Qxd5 11. Be3 Be7 12. Qd2 Bxh4 13. Qc3 Nd7 14. O-O-O Qc5 15. Qb3 Qa5 16. Bg2 O-O 17. Rh1 Nc5 {1-0 (39) Harikrishna,P (2737)-Kempinski,R (2637) Germany 2016}) 9. g5 {[%emt 0:00:00]} hxg5 {[%emt 0:00:00]} 10. hxg5 {[%emt 0:01:31]} Nfd7 {[%emt 0:00:00]} 11. Be3 {[%emt 0:01:02]} Nc6 {[%emt 0:00:00]} 12. Qd2 {[%emt 0:00:40]} Nde5 {[%emt 0:04:44]} 13. Be2 $146 {[%emt 0:00:59]} ({Predecessor:} 13. O-O-O Rh7 14. Be2 Qc7 15. f4 Nxd4 16. Bxd4 Nc4 17. Bxc4 Qxc4 {1-0 (60) Rohacek,M (2246)-Federic,J (2269) Slovakia 2014}) 13... Rh3 {[%emt 0:03:48]} 14. f4 {[%emt 0:06:18]} Nxd4 {[%emt 0:00:00]} 15. Bxd4 {[%emt 0:02:47]} Nc6 {[%emt 0:09:48] [#]} 16. Bf6 $1 {[%emt 0:02:36]} Be7 {[%emt 0:00:00]} 17. O-O-O {[%emt 0:02:09]} Bxf6 {[%emt 0:00:00]} 18. gxf6 {[%emt 0:00:00]} Qxf6 {[%emt 0:00:00] [#]} 19. Qxd6 {[%emt 0:14:58]} (19. f5 $1 $18 {and White stays clearly on top.}) 19... Qe7 {[%emt 0:07:56]} 20. Qd2 {[%emt 0:00:00]} Bd7 {[%emt 0:01:00]} 21. Bf1 {[%emt 0:18:03]} Rh4 {[%emt 0:02:07]} (21... Rh8 $142) 22. e5 {[%emt 0:05:34]} O-O-O {[%emt 0:00:03]} 23. Qf2 {[%emt 0:02:14]} Be8 {[%emt 0:02:42]} 24. Bg2 {[%emt 0:04:18]} Rxd1+ {[%emt 0:00:00]} 25. Rxd1 {[%emt 0:00:00]} g5 {[%emt 0:03:52]} 26. Ne4 {[%emt 0:11:47]} Rxf4 {[%emt 0:00:00]} 27. Qb6 {[%emt 0:00:00]} Kb8 {[%emt 0:01:04]} 28. Nc5 $18 {[%emt 0:02:05]} Rb4 {[%emt 0:00:35]} 29. Nxa6+ {[%emt 0:00:00]} Kc8 {[%emt 0:00:00]} 30. Nxb4 {[%emt 0:00:08]} 1-0

[Event "Klatov Bazar Besiny Cup 2018"]
[Site "Klatovy"]
[Date "2018.07.06"]
[Round "7"]
[White "Tscharotschkin, Michael"]
[Black "Vedral, Oldrich"]
[Result "1-0"]
[WhiteElo "2124"]
[BlackElo "2203"]
[Annotator "NA"]
[PlyCount "65"]
[EventDate "2018.07.01"]
[EventType "swiss"]
[EventCountry "CZE"]
[SourceTitle "playchess.com"]
[Source "ChessBase"]
[SourceQuality "1"]
[TimeControl "40/7200:0"]

{[%evp 11,65,25,24,32767,32767,32767,32767,32767,32767,32767,32767,32767,32767,32767,32767,32767,32767,32767,32767,32767,32767,32767,16,-1,32767,32767,-80,-76,32767,32767,32767,32767,32767,32767,32767,32767,-148,-153,-157,-160,-97,-94,-100,-286,-259,-317,-213,-400,0,-156,0,0,1835,2731,29989,500]} 1. d4 {[%emt 0:00:00]} Nf6 {[%emt 0:00:00]} 2. c4 {[%emt 0:00:00]} g6 {[%emt 0:00:00]} 3. Nc3 {[%emt 0:00:00]} Bg7 {[%emt 0:00:00]} 4. e4 {[%emt 0:00:00]} d6 {[%emt 0:00:00]} 5. Nf3 {[%emt 0:00:00]} O-O {[%emt 0:00:00]} 6. Be2 {[%emt 0:00:00]} e5 {[%emt 0:00:00] LiveBook: 29978 Games} 7. O-O {[%emt 0:00:00]} Nc6 {[%emt 0:00:00]} 8. d5 {[%emt 0:00:00]} Ne7 {[%emt 0:00:00]} 9. Ne1 {[%emt 0:00:00]} Nd7 {[%emt 0:00:00]} 10. f3 {[%emt 0:00:00]} f5 {[%emt 0:00:00]} 11. Be3 {[%emt 0:00:00]} f4 {[%emt 0:00:00]} 12. Bf2 {[%emt 0:00:00]} g5 {[%emt 0:00:00]} 13. Nd3 {[%emt 0:00:00]} Nf6 {[%emt 0:00:00]} 14. c5 {[%emt 0:00:00]} Ng6 {[%emt 0:00:00]} 15. Rc1 {[%emt 0:00:00]} Rf7 {[%emt 0:00:00]} 16. Qb3 {[%emt 0:00:00]} g4 {[%emt 0:00:00]} 17. cxd6 {[%emt 0:00:00]} cxd6 {[%emt 0:00:00]} 18. Nb5 {[%emt 0:00:00] [#]} g3 $1 {[%emt 0:02:26]} 19. hxg3 {[%emt 0:00:00]} fxg3 {[%emt 0:00:00]} 20. Bxg3 {[%emt 0:00:00]} Nh5 {[%emt 0:00:00]} 21. Bh2 {[%emt 0:00:00]} Bh6 {[%emt 0:00:00]} 22. f4 {[%emt 0:00:00]} Nhxf4 {[%emt 0:00:57]} 23. Nxf4 {[%emt 0:00:00]} Nxf4 {[%emt 0:00:02]} 24. Bxf4 {[%emt 0:04:55]} Bxf4 {[%emt 0:00:29]} 25. Rxf4 {[%emt 0:11:28]} Qb6+ {[%emt 0:17:30]} ({Black should try} 25... exf4 26. Nd4 Rg7) 26. Kh2 {[%emt 0:00:00]} exf4 {[%emt 0:00:25]} 27. e5 $2 {[%emt 0:06:17]} (27. Nc7 $17 {only move.} Qxb3 28. axb3) 27... dxe5 {[%emt 0:03:31]} 28. d6 {[%emt 0:00:27]} Kf8 {[%emt 0:04:19]} 29. Bh5 $2 {[%emt 0:11:28]} (29. Qd5 {was worth a try.} Qe3 30. Rc7) 29... Rf6 $2 {[%emt 0:10:46]} ({Better is} 29... Rg7 $19 30. Qd5 Qf2) 30. Qd5 $2 {[%emt 0:01:38] [#]} (30. Rc7 $11 Be6 31. Qd3) 30... Qe3 {[%emt 0:09:18]} (30... Be6 $1 $17 {[%cal Re6d5]} 31. Qxe5 Rf5 32. Qh8+ Bg8) 31. Rc3 {[%emt 0:01:32]} Be6 $18 {[%emt 0:01:39]} (31... Qe1 $11 32. d7 Bxd7 33. Qxd7 f3 34. Rxf3 Rxf3 35. Bxf3 Qh4+ 36. Kg1 Qe1+ 37. Kh2 Qh4+ 38. Qh3 Qf4+ 39. Qg3 Qh6+ 40. Kg1 Qc1+ 41. Kh2 Qh6+ 42. Kg1 Qc1+ 43. Kh2 Qh6+) 32. Qxb7 {[%emt 0:00:04]} Qe1 {[%emt 0:00:00]} 33. Qe7+ {[%emt 0:01:21]} 1-0

[Event "Klatov Bazar Besiny Cup 2018"]
[Site "Klatovy"]
[Date "2018.07.07"]
[Round "8"]
[White "Neuman, Petr"]
[Black "Xu, XianLiang"]
[Result "1/2-1/2"]
[WhiteElo "2432"]
[BlackElo "2430"]
[Annotator "NA"]
[PlyCount "21"]
[EventDate "2018.07.01"]
[EventType "swiss"]
[EventCountry "CZE"]
[SourceTitle "playchess.com"]
[Source "ChessBase"]
[SourceQuality "1"]
[TimeControl "40/7200:0"]

1. c4 {[%emt 0:00:00]} e5 {[%emt 0:00:00]} 2. g3 {[%emt 0:00:00]} Nf6 {[%emt 0:00:00]} 3. Bg2 {[%emt 0:00:00]} c6 {[%emt 0:00:00]} 4. d4 {[%emt 0:00:00]} exd4 {[%emt 0:00:00]} 5. Qxd4 {[%emt 0:00:00]} d5 $11 {[%emt 0:00:00] LiveBook: 473 Games} 6. Nf3 {[%emt 0:03:02]} Be7 {[%emt 0:03:45]} 7. cxd5 {[%emt 0:01:26]} cxd5 {[%emt 0:03:58]} 8. O-O {[%emt 0:02:38]} Nc6 {[%emt 0:00:23]} 9. Qd1 {[%emt 0:00:00]} O-O {[%emt 0:04:28]} 10. Nbd2 {[%emt 0:02:16]} Bc5 {[%emt 0:05:55]} 11. Nb3 {[%emt 0:00:46]} 1/2-1/2

[Event "Klatov Bazar Besiny Cup 2018"]
[Site "Klatovy"]
[Date "2018.07.07"]
[Round "8"]
[White "Straka, Vojtech"]
[Black "Parizek, Vojtech"]
[Result "1-0"]
[WhiteElo "2379"]
[BlackElo "2242"]
[Annotator "NA"]
[PlyCount "51"]
[EventDate "2018.07.01"]
[EventType "swiss"]
[EventCountry "CZE"]
[SourceTitle "playchess.com"]
[Source "ChessBase"]
[SourceQuality "1"]
[TimeControl "40/7200:0"]

1. c4 {[%emt 0:04:26]} Nf6 {[%emt 0:00:00]} 2. Nc3 {[%emt 0:00:00]} g6 {[%emt 0:00:00]} 3. g3 {[%emt 0:00:00]} Bg7 {[%emt 0:00:00]} 4. Bg2 {[%emt 0:00:00]} O-O {[%emt 0:00:00]} 5. Nf3 {[%emt 0:00:00]} d6 {[%emt 0:00:00]} 6. Rb1 {[%emt 0:01:29]} c6 {[%emt 0:00:39]} 7. d3 {[%emt 0:15:28]} e5 {[%emt 0:12:04]} 8. O-O {[%emt 0:03:57]} Nbd7 {[%emt 0:03:34]} 9. Nd2 {[%emt 0:02:41]} Nc5 {[%emt 0:05:24]} 10. b4 {[%emt 0:02:29]} Ne6 {[%emt 0:00:43]} 11. b5 {[%emt 0:00:00]} Qc7 {[%emt 0:05:45]} 12. bxc6 {[%emt 0:09:05]} bxc6 {[%emt 0:00:00]} 13. Nb5 {[%emt 0:00:00]} Qd7 {[%emt 0:03:42]} 14. Ba3 {[%emt 0:05:22]} Ne8 {[%emt 0:01:58]} 15. Nc3 {[%emt 0:00:29]} f5 {[%emt 0:02:20]} 16. Qa4 {[%emt 0:13:35]} Bb7 {[%emt 0:12:13]} 17. Rxb7 {[%emt 0:01:10]} Qxb7 {[%emt 0:00:00]} 18. Bxc6 {[%emt 0:00:00]} Qb8 {[%emt 0:02:02]} 19. Rb1 {[%emt 0:00:30]} Qd8 {[%emt 0:00:10]} 20. Bxa8 {[%emt 0:03:07]} Qxa8 {[%emt 0:00:00]} 21. Qd7 {[%emt 0:00:50]} Ng5 {[%emt 0:06:27]} 22. Qb7 {[%emt 0:18:16]} Qd8 {[%emt 0:07:20]} 23. Qxa7 {[%emt 0:03:47]} f4 {[%emt 0:09:47]} 24. Nce4 {[%emt 0:02:32]} Nxe4 {[%emt 0:13:28]} 25. Nxe4 {[%emt 0:00:16]} fxg3 {[%emt 0:01:18]} 26. hxg3 {[%emt 0:00:00]} 1-0

[Event "Klatov Bazar Besiny Cup 2018"]
[Site "Klatovy"]
[Date "2018.07.07"]
[Round "8"]
[White "Hollan, Martin"]
[Black "Tscharotschkin, Michael"]
[Result "1/2-1/2"]
[WhiteElo "2341"]
[BlackElo "2124"]
[Annotator "NA"]
[PlyCount "58"]
[EventDate "2018.07.01"]
[EventType "swiss"]
[EventCountry "CZE"]
[SourceTitle "playchess.com"]
[Source "ChessBase"]
[SourceQuality "1"]
[TimeControl "40/7200:0"]

1. c4 {[%emt 0:05:16]} e6 {[%emt 0:00:00]} 2. Nc3 {[%emt 0:00:00]} d5 {[%emt 0:00:00]} 3. d4 {[%emt 0:00:00]} c6 {[%emt 0:00:00]} 4. Nf3 {[%emt 0:00:00]} f5 {[%emt 0:00:00]} 5. Bf4 {[%emt 0:00:00]} Nf6 {[%emt 0:00:00]} 6. e3 {[%emt 0:00:00]} Bd6 {[%emt 0:00:17]} 7. Bxd6 {[%emt 0:02:03]} Qxd6 {[%emt 0:02:53]} 8. Ne5 {[%emt 0:00:00]} O-O {[%emt 0:00:10]} 9. c5 {[%emt 0:00:09]} Qc7 {[%emt 0:00:29]} 10. Bd3 {[%emt 0:02:18]} Nbd7 {[%emt 0:00:46]} 11. f4 {[%emt 0:01:55]} b6 {[%emt 0:02:30]} 12. cxb6 {[%emt 0:05:54]} axb6 {[%emt 0:07:40]} 13. O-O {[%emt 0:00:39]} Ba6 {[%emt 0:02:11]} 14. Rc1 {[%emt 0:01:09]} Nxe5 {[%emt 0:04:05]} 15. fxe5 {[%emt 0:00:55]} Bxd3 {[%emt 0:00:28]} 16. Qxd3 {[%emt 0:00:00]} Ne4 {[%emt 0:00:33]} 17. Nxe4 {[%emt 0:02:11]} fxe4 {[%emt 0:00:00]} 18. Rxf8+ {[%emt 0:01:29]} Rxf8 {[%emt 0:00:00]} 19. Qe2 {[%emt 0:07:22]} c5 {[%emt 0:00:17]} 20. b3 {[%emt 0:02:07]} Qe7 {[%emt 0:01:13]} 21. Qg4 {[%emt 0:16:29]} Qf7 {[%emt 0:03:16]} 22. Qe2 {[%emt 0:14:01]} cxd4 {[%emt 0:00:56]} 23. exd4 {[%emt 0:00:00]} Qf4 {[%emt 0:01:05]} 24. Rf1 {[%emt 0:02:23]} Qxf1+ {[%emt 0:00:05]} 25. Qxf1 {[%emt 0:00:00]} Rxf1+ {[%emt 0:00:00]} 26. Kxf1 {[%emt 0:00:00]} Kf7 {[%emt 0:00:00]} 27. Ke2 {[%emt 0:01:12]} b5 {[%emt 0:00:16]} 28. a3 {[%emt 0:00:00]} Ke7 {[%emt 0:00:17]} 29. Ke3 {[%emt 0:00:00]} Kd7 {[%emt 0:00:23] Kxe4} 1/2-1/2

[Event "Klatov Bazar Besiny Cup 2018"]
[Site "Klatovy"]
[Date "2018.07.07"]
[Round "8"]
[White "Slovak, Kilian"]
[Black "Hurdzan, Tomas"]
[Result "1-0"]
[WhiteElo "2285"]
[BlackElo "2164"]
[Annotator "NA"]
[PlyCount "85"]
[EventDate "2018.07.01"]
[EventType "swiss"]
[EventCountry "CZE"]
[SourceTitle "playchess.com"]
[Source "ChessBase"]
[SourceQuality "1"]
[TimeControl "40/7200:0"]

1. e4 {[%emt 0:00:00]} c5 {[%emt 0:00:00]} 2. Nf3 {[%emt 0:00:00]} Nc6 {[%emt 0:00:00]} 3. d4 {[%emt 0:00:00]} cxd4 {[%emt 0:00:00]} 4. Nxd4 {[%emt 0:00:00]} Nf6 {[%emt 0:00:00]} 5. Nc3 {[%emt 0:00:00]} d6 {[%emt 0:00:00]} 6. Bg5 {[%emt 0:00:00]} e6 {[%emt 0:00:00]} 7. Qd2 {[%emt 0:00:00]} a6 {[%emt 0:00:00]} 8. O-O-O {[%emt 0:00:00]} Bd7 {[%emt 0:00:00]} 9. f4 {[%emt 0:00:00]} b5 {[%emt 0:00:00]} 10. Bxf6 {[%emt 0:01:35]} gxf6 {[%emt 0:00:00]} 11. Kb1 {[%emt 0:01:44]} Qb6 {[%emt 0:00:00]} 12. Nf3 {[%emt 0:12:48]} O-O-O {[%emt 0:05:54]} 13. f5 {[%emt 0:01:55]} Kb8 {[%emt 0:13:06]} 14. fxe6 {[%emt 0:04:32]} fxe6 {[%emt 0:00:00]} 15. g3 {[%emt 0:03:59]} Bc8 {[%emt 0:13:13]} 16. Bh3 {[%emt 0:05:05]} Bg7 {[%emt 0:11:59]} 17. Qe1 {[%emt 0:17:06]} Qc5 {[%emt 0:03:06]} 18. Ne2 {[%emt 0:04:31]} Rhe8 {[%emt 0:05:37]} 19. Nf4 {[%emt 0:07:18]} b4 {[%emt 0:12:44]} 20. Rf1 {[%emt 0:21:36]} Re7 {[%emt 0:02:29]} 21. Qf2 {[%emt 0:04:53]} Qb5 {[%emt 0:02:40]} 22. Rfe1 {[%emt 0:02:28]} a5 {[%emt 0:02:42]} 23. Bf1 {[%emt 0:00:38]} Qb7 {[%emt 0:01:41]} 24. Nd2 {[%emt 0:03:51]} Ne5 {[%emt 0:03:31]} 25. Nc4 {[%emt 0:02:18]} Nxc4 {[%emt 0:00:00]} 26. Bxc4 {[%emt 0:00:00]} Qc6 {[%emt 0:10:44]} 27. Bb3 {[%emt 0:04:33]} Ree8 {[%emt 0:04:40]} 28. Qf1 {[%emt 0:04:23]} Bh6 {[%emt 0:05:15]} 29. Ne2 {[%emt 0:02:47]} Bg7 {[%emt 0:03:04]} 30. Nd4 {[%emt 0:00:45]} Qb7 {[%emt 0:02:28]} 31. Qh3 {[%emt 0:03:41]} d5 {[%emt 0:03:05]} 32. exd5 {[%emt 0:01:47]} exd5 {[%emt 0:00:00]} 33. Qh5 {[%emt 0:00:49]} Re5 {[%emt 0:00:19]} 34. Qf3 {[%emt 0:01:28]} Rde8 {[%emt 0:00:50]} 35. Rxe5 {[%emt 0:00:00]} Rxe5 {[%emt 0:00:00]} 36. Qd3 {[%emt 0:01:11]} f5 {[%emt 0:01:24]} 37. Ba4 {[%emt 0:01:30]} Bd7 {[%emt 0:04:55]} 38. Bxd7 {[%emt 0:00:00]} Qxd7 {[%emt 0:00:00]} 39. Qa6 {[%emt 0:00:00]} Re4 {[%emt 0:00:00]} 40. Qb6+ {[%emt 0:00:00]} Kc8 {[%emt 0:00:00]} 41. Nb5 {[%emt 1:59:29]} Qe7 {[%emt 2:00:09]} 42. Na7+ {[%emt 0:00:00]} Kd7 {[%emt 0:00:00]} 43. Qc6+ {[%emt 0:00:00]} 1-0